LEADER 01164cam0-2200349---450- 001 990005077040403321 005 20090521110640.0 010 $a87-7492-089-8 035 $a000507704 035 $aFED01000507704 035 $a(Aleph)000507704FED01 035 $a000507704 100 $a19990604d1973----km-y0itay50------ba 101 0 $afre 102 $aDK 105 $ay-------001yy 200 1 $a<>temps du passé dans Aucassin et Nicolete$el'emploi du passé simple, du passé composé, de l'imparfait et du présent historique de l'indicatif$fLene Schosler 210 $aOdense$cOdense University press$d1973 215 $a121 p.$d23 cm 225 1 $aÉtudes romanes de l'Université d'Odense$v5 610 0 $aAucassin et Nicolette $aStudi linguistici 610 0 $aLingua francese$aSec. 14. 676 $a447.01 700 1$aSchosler,$bLene$0388883 801 0$aIT$bUNINA$gRICA$2UNIMARC 901 $aBK 912 $a990005077040403321 952 $a447.01 SCH 2$bIst.f.m.25650$fFLFBC 952 $aYF 13 5$bFil.Mod. 26128$fFLFBC 959 $aFLFBC 996 $aTemps du passé dans Aucassin et Nicolete$9531383 997 $aUNINA LEADER 01328nam--2200385---450- 001 990001764430203316 005 20060629095207.0 010 $a88-243-1453-7 035 $a000176443 035 $aUSA01000176443 035 $a(ALEPH)000176443USA01 035 $a000176443 100 $a20040617d2002----km-y0enga50------ba 101 $aita 102 $aIT 105 $aa---z|||001yy 200 1 $aImportazioni ceramiche corinzie e imitazioni locali dell'area archeologica di S. Restituta$e(Lacco Ameno d'Ischia) 8. Sec. a.C.$fVincenzo Franciosi$gcon la collaborazione di Simona Speranza 210 $aNapoli$cJovene$d2002 215 $a103 p.$cill.$d14 cm 606 0 $aCeramiche greche$yCampania$zSec. 8.. a.C. 676 $a738.0945 700 1$aFRANCIOSI,$bVincenzo$0323973 801 0$aIT$bsalbc$gISBD 912 $a990001764430203316 951 $aXII.3.C. 53(X B 664)$b41404 G.$cX B$d00139016 951 $aI C FRA 1$b6264 DBC$cI C 959 $aBK 969 $aUMA 969 $aDBC 979 $aMARIA$b10$c20040617$lUSA01$h0940 979 $aCHIARA$b90$c20041022$lUSA01$h1154 979 $aCOPAT6$b90$c20060111$lUSA01$h1131 979 $aDBC$b90$c20060629$lUSA01$h0952 996 $aImportazioni ceramiche corinzie e imitazioni locali dell'area archeologica di S. Restituta$9945487 997 $aUNISA LEADER 01169nam2-2200385---450- 001 990006119990203316 005 20160323103747.0 035 $a000611999 035 $aUSA01000611999 035 $a(ALEPH)000611999USA01 035 $a000611999 100 $a20160111d1978----km-y0itay50------ba 101 $aspa 102 $aVE 105 $a||||||||001yy 200 1 $aArmas Antarticas$fJuan de Miramontes y Zuazola$gprologo y cronologia Rodrigo Miro 210 $aCaracas$cBiblioteca Ayacucho$dstampa 1978 215 $aXXX, 403 p.$d24 cm 225 2 $aBiblioteca Ayacucho. Colección Clásica$v35 410 0$1001000290898$aBiblioteca Ayacucho. Colección Clásica$v, 35 454 1$12001 461 1$1001-------$12001 606 $aBrasile$xScoperta 676 $a918.1 700 1$aMIRAMONTES Y ZUAZOLA,$bJuan : de$0681582 702 1$aMIRO,$bRodrigo 801 0$aIT$bsalbc$gISBD 912 $a990006119990203316 951 $aVI.7. COLL.1/ 35$b304 ISLA 959 $aBK 969 $aUMA 979 $aMARANO$b90$c20160203$lUSA01$h1111 979 $aMARANO$b90$c20160323$lUSA01$h1037 996 $aArmas antarticas$91259226 997 $aUNISA